| 000 | 00811nam a2200217 a 4500 | ||
|---|---|---|---|
| 001 | BRCA_6022 | ||
| 005 | 20190320205313.0 | ||
| 008 | 180411s2010----ag-a######---#000-0#spa-# | ||
| 041 | _aspa | ||
| 044 | _aag | ||
| 050 | 4 |
_aF2986 _b.A48 2010 |
|
| 100 | 1 |
_aAlvarado Pérez, Margarita _915192 |
|
| 245 | 1 | 0 |
_aFueguinos _btres tiempos, tres miradas : fotografías de Tierra del Fuego siglos XIX y XXI _cMargarita Alvarado Pérez, Carla Möller Zunino y Pedro Mege Rosso. |
| 260 |
_aRepública Argentina _bAsociación de Amigos del Museo de Arte Hispanoamericano Isaac Fernández Blanco _c2010 |
||
| 300 |
_a59 p. _bil. _c23 cm. |
||
| 500 | _aAño 13, núm. 28 | ||
| 650 | 1 | 4 |
_aFueguinos _xTrabajos Ilustrados _915193 |
| 700 | 1 |
_aMöller Zunino, Carla _915194 |
|
| 700 | 1 |
_aMege Rosso, Pedro _915195 |
|
| 942 |
_2lcc _cB |
||
| 999 |
_c5710 _d5710 |
||